000 02594aam a2200841 4500
005 20260217160213.0
008 150519b2014 xxu||||| |||| 00| 0 spa d
020 _a9788490537787
041 _aESP
082 _a364 G216t5
100 _aGarcía-Pablos de Molina, Antonio
_95346
245 _aTratado de criminología
250 _a5 edición
260 _aEspaña
260 _bTirant lo blanch
260 _c2014
300 _a1188 páginas
490 _aInvestigación Criminal
650 _aCRIMINOLOGÍA
650 _aTEORÍAS SOCIOLÓGICAS
650 _aTEORIAS PSICOANÁLITICAS
650 _aDELITOS
650 _aPREVENCIÓN DEL DELITO
650 _aINVESTIGACIÓN CRIMINOLÓGICA
650 _aANTROPOLOGÍA CRIMINAL
650 _aCONTROL SOCIAL
650 _aDELINCUENTE
650 _aVÍCTIMA
650 _aCOMPORTAMIENTO DESVIADO
650 _aVICTOMOLOGÍA
650 _aREACCIÓN SOCIAL
650 _aTIPOS DE DELITO
650 _aPOLÍTICA CRIMINAL
650 _aRELACIONES DE CRIMINOLOGÍA
650 _aFUNCIONES DE LA CRIMINOLOGÍA
650 _aTÉCNICAS DE LA INVESTIGACIÓN CRIMINOLOGICA
650 _aMETODO CRIMINOLOGICO
650 _aHISTORIA DE LA CRIMINOLOGÍA
650 _aPENSAMIENTO CRIMINOLÓGICO
650 _aESCUELA CARTOGRÁFICA
650 _aCONSOLIDACIÓN DE LA CRIMINOLOGÍA
650 _aDISCIPLINA EMPIRICA
650 _aPOSITIVISMO CRIMINOLÓGICO
650 _aESCUELAS ECLECTICAS
650 _aLUCHA DE ESCUELAS
650 _aORIENTACIONES BIOLÓGICAS
650 _aANTROPOLOGÍA CRIMINAL
650 _aBIOTIPOLOGIA CRIMINAL
650 _aENDOCRINOLOGIA CRIMINAL
650 _aGENETICA CRIMINAL
650 _aNEUROFISIOLOGIA CRIMINAL
650 _aSISTEMA NERVIOSO AUTONOMO
650 _aPSICOPALOTOLOGIAS DEL HECHO CRIMINAL
650 _aEXPLICACIONES PSICOANALITICAS DEL CRIMEN
650 _aTEORIAS CONDUCTISTAS
650 _aTEORIA DEL APRENDIZAJE
650 _aTEORIA COGNITIVA
650 _aRASGOS DE LA PERSONALIDAD
650 _aSOCIOLOGIA DEL HECHO CRIMINAL
650 _aSOCIOLOGIA DEL DELITO
650 _aTEORIAS DE LA ANOMIA
650 _aTEORIAS SISTEMICAS
650 _aTEORIAS SUBCULTURALES
650 _aTEORIAS DEL PROCESO SOCIAL
650 _aTEORIAS DEL APRENDIZAJE
650 _aTEORIAS DEL CONTROL SOCIAL
650 _aENFOQUE INTERACCIONISTA
650 _aMODELOS CONFLICTUALES
650 _aPREVENCIÓN DEL CRIMEN
650 _aSISTEMAS DE REACCIÓN AL DELITO
650 _aCRIMINOLOGIA ACTUAL
942 _cBK
_2ddc
999 _c7708
_d7708